Southville International School and Colleges
Your cart is empty.
  • Cart
  • Lists
    Public lists Eva Luna New books Lux_list list_1
    Your lists Log in to create your own lists
  • Log in to your account
  • Your cookies
  • Search history
Southville International School and Colleges
  • Advanced search
  • Recent comments
  • Most popular
  • Libraries

Log in to your account

Log in with GOOGLE


If you do not have an external account, but do have a local account, you can still log in:

  1. Home
  2. MARC view: Grammar to go :
Normal view MARC view ISBD view

Grammar to go : (Record no. 118087)

[ view plain ]
MARC details
000 -LEADER
fixed length control field 00547nam a2200181Ia 4500
008 - FIXED-LENGTH DATA ELEMENTS--GENERAL INFORMATION
fixed length control field 140609s9999 xx 000 0 und d
020 ## - INTERNATIONAL STANDARD BOOK NUMBER
International Standard Book Number 9781133307372
050 ## - LIBRARY OF CONGRESS CALL NUMBER
Classification number PE 1112
Item number .G54 2013
100 ## - MAIN ENTRY--PERSONAL NAME
Personal name Goldstein, Barbara.
245 ## - TITLE STATEMENT
Title Grammar to go :
Remainder of title how it works and how to use it /
Statement of responsibility, etc Barbara Goldstein, Jack Waugh, Karen Linsky
250 ## - EDITION STATEMENT
Edition statement 4th ed.
260 ## - PUBLICATION, DISTRIBUTION, ETC. (IMPRINT)
Place of publication, distribution, etc Boston :
Name of publisher, distributor, etc Wadsworth/Cengage Learning,
Date of publication, distribution, etc c2013.
300 ## - PHYSICAL DESCRIPTION
Extent 270 p. :
Other physical details ill. ;
Dimensions 24 cm.
500 ## - GENERAL NOTE
General note Includes index.
521 ## - TARGET AUDIENCE NOTE
Target audience note
942 ## - ADDED ENTRY ELEMENTS (KOHA)
Call number prefix Foreign
Koha item type Books
Holdings
Withdrawn status Lost status Damaged status Home library Current library Shelving location Date acquired Cost, normal purchase price Total Checkouts Total Renewals Full call number Barcode Date last seen Date checked out Price effective from Koha item type
      College Library College Library Reserve Section 06/09/2014 2599.00 3 10 PE 1112 .G54 2013 C18375 05/15/2018 06/16/2015 06/09/2014 Books

Grammar to go :

APA

Goldstein B., . (2013). Grammar to go. Boston: Wadsworth/Cengage Learning.

Chicago

Goldstein Barbara, . 2013. Grammar to go. Boston: Wadsworth/Cengage Learning.

Harvard

Goldstein B., . (2013). Grammar to go. Boston: Wadsworth/Cengage Learning.

MLA

Goldstein Barbara, . Grammar to go. Boston: Wadsworth/Cengage Learning. 2013.

  • Place hold
  • Print
  • Cite
  • Add to your cart (remove)
  • Save record
    BIBTEX Dublin Core MARCXML MARC (non-Unicode/MARC-8) MARC (Unicode/UTF-8) MARC (Unicode/UTF-8, Standard) MODS (XML) RIS
  • More searches
    Search for this title in:
    Other Libraries (WorldCat) Other Databases (Google Scholar) Online Stores (Bookfinder.com) Open Library (openlibrary.org)

Exporting to Dublin Core...

SOUTHVILLE LIBRARY

Southville International School and Colleges Library

1281 Tropical Ave. Cor. Luxembourg St., BF Homes International, Las Pinas City

Tel. No. 8256374 / 252358 Loc. 117/146

Powered by Koha